History of geographic thought / (Record no. 139601)

MARC details
000 -LEADER
fixed length control field 00476nam a22001577a 4500
010 ## - LCCN (DPL NO)
LC control number ENG-118078
020 ## - INTERNATIONAL STANDARD BOOK NUMBER
International Standard Book Number 9789384866266
Terms of availability 750.00
035 ## - SYSTEM CONTROL NUMBER
System control number EN-101610
037 ## - SOURCE OF ACQUISITION
Source of stock number/acquisition DBAD/PUB
082 ## - DEWEY DECIMAL CLASSIFICATION NUMBER
Classification number 910
245 ## - TITLE STATEMENT
Title History of geographic thought /
Statement of responsibility, etc edited by Akhilesh Kumar Pandey
260 ## - PUBLICATION, DISTRIBUTION, ETC. (IMPRINT)
Place of publication, distribution, etc New Delhi
Date of publication, distribution, etc 2015
270 ## - ADDRESS
Address 437/4B, Gali Murari Lal, Ansari Road,Darya Ganj , New Delhi-110002
300 ## - PHYSICAL DESCRIPTION
Extent 314p.
Dimensions 22cm(Hb)
942 ## - ADDED ENTRY ELEMENTS (KOHA)
Source of classification or shelving scheme Dewey Decimal Classification
Item type English Books
Classification part 910
Call number suffix HIS
Holdings
Withdrawn status Lost status Not for loan Collection code Home library Current library Date acquired Source of acquisition Cost, normal purchase price Full call number Barcode Copy number Cost, replacement price Koha item type
      Non-fiction Shahdara Branch Shahdara Branch 08/05/2017 DBAD/PUB 750.00 910 HIS EN-101610 1 750.00 English Books

© Delhi Public Library
Hit Counter
free hit counter